[Event "Rheinland Pfalz op 7th"]
[Site "Frankenthal"]
[Date "2015.06.06"]
[Round "2"]
[White "Kirmeir, Andreas"]
[Black "Tischer, Roswitha"]
[Result "1/2-1/2"]
[WhiteElo "1743"]
[BlackElo "1057"]
[PlyCount "28"]
[EventDate "2015.06.04"]
[EventType "swiss"]
[EventRounds "7"]
[EventCountry "GER"]
[SourceTitle "EXT 2017"]
[Source "ChessBase"]
[SourceDate "2016.10.25"]
[SourceVersion "1"]
[SourceVersionDate "2016.10.25"]
[SourceQuality "1"]

1. b3 e5 2. Bb2 Nc6 3. e3 a6 4. d3 f6 5. g3 d5 6. Bg2 Be6 7. Nd2 Bc5 8. a3 Nge7 9. Ne2 a5 10. c4 d4 11. e4 0-0 12. f4 f5 13. 0-0 Qe8 14. exf5 Nxf5 1/2-1/2

[Event "Karl Mala Memorial op 12th"]
[Site "Frankfurt"]
[Date "2009.07.18"]
[Round "4"]
[White "Tischer, Roswitha"]
[Black "Fieberg, Samuel"]
[Result "0-1"]
[WhiteElo "848"]
[BlackElo "1167"]
[PlyCount "52"]
[EventDate "2009.07.16"]
[EventType "swiss"]
[EventRounds "7"]
[EventCountry "GER"]
[SourceTitle "EXT 2010"]
[Source "ChessBase"]
[SourceDate "2010.11.25"]
[SourceVersion "1"]
[SourceVersionDate "2010.11.25"]
[SourceQuality "1"]

1. e4 e5 2. Nf3 Nc6 3. Bc4 Bc5 4. Nc3 Nf6 5. d3 h6 6. 0-0 0-0 7. a3 d6 8. b4 Bb6 9. Be3 Bg4 10. Bxb6 axb6 11. Qc1 Bxf3 12. gxf3 Nd4 13. Qd1 Nh5 14. Ne2 Nxe2+ 15. Qxe2 Nf4 16. Kh1 Nxe2 17. Rfe1 Qf6 18. Rxe2 Qxf3+ 19. Kg1 Qxe2 20. Kg2 Qxc2 21. Ra2 Qc3 22. Kf3 Kh8 23. Ke3 f5 24. f3 fxe4 25. Kxe4 Qe1+ 26. Re2 Qxe2+ 0-1

[Event "Hessen-ch Gr-F"]
[Site "Idstein"]
[Date "2009.04.10"]
[Round "1"]
[White "Engemann, Sebastian"]
[Black "Tischer, Roswitha"]
[Result "1-0"]
[WhiteElo "1239"]
[BlackElo "823"]
[PlyCount "103"]
[EventDate "2009.04.10"]
[EventType "swiss"]
[EventRounds "5"]
[EventCountry "GER"]
[SourceTitle "EXT 2010"]
[Source "ChessBase"]
[SourceDate "2010.11.25"]
[SourceVersion "1"]
[SourceVersionDate "2010.11.25"]
[SourceQuality "1"]

1. c4 e5 2. Nc3 Nf6 3. e4 Nc6 4. d3 Bc5 5. Be2 d6 6. f4 Nd4 7. f5 0-0 8. h3 c6 9. Bd2 b5 10. b3 b4 11. Na4 Qd7 12. g4 Qe7 13. g5 g6 14. gxf6 Qxf6 15. Nxc5 Qh4+ 16. Kf1 dxc5 17. Qe1 Qxe1+ 18. Bxe1 gxf5 19. exf5 Bxf5 20. Bf2 Ne6 21. Nf3 f6 22. Nh4 Bg6 23. Nxg6 hxg6 24. Bf3 Rac8 25. Be3 Kg7 26. Ke2 f5 27. Rag1 f4 28. Bf2 Rg8 29. Bg4 Kf6 30. Bxe6 Kxe6 31. Bxc5 Rc7 32. Bxb4 Rf7 33. Kf3 Kf5 34. h4 Rd7 35. Rd1 g5 36. hxg5 Rxg5 37. Be1 c5 38. Bf2 Kg6 39. Rhg1 a5 40. Rxg5+ Kxg5 41. Bxc5 Rh7 42. Rg1+ Kf5 43. Kf2 Rh3 44. d4 e4 45. d5 e3+ 46. Ke1 Ke4 47. d6 f3 48. Bxe3 Kxe3 49. Rf1 Rh2 50. d7 Rd2 51. Rxf3+ Kxf3 52. Kxd2 1-0